000
00284nam a22001337a 4500
003
SGT
020
_a
9781580620475
082
_a
133.8
_b
S98H
100
_a
HALBERSTAM, YITTA
245
_a
SMALL MIRACLES
260
_b
ADAMS MEDIA CORPORATION
_c
1998
300
_a
259
942
_2
ddc
_c
BK
999
_c
29045
_d
29045